Разработка аппаратуры для биоимпедансной поличастотной спектрометрии в диагностике дерматологических патологий: автореферат диссертации на соискание ученой степени кандидата технических наук; спец. 05.11.17

Бібліографічні деталі
Автор: Кузнецов В. В. Владимир Владимирович
Співавтор: Омский государственный технический университет (ОмГТУ)
Інші автори: Новиков А. А. Алексей Алексеевич (научный руководитель)
Резюме:Заглавие с титульного экрана
Электронная версия печатной публикации
Мова:Російська
Опубліковано: Томск, 2013
Предмети:
Онлайн доступ:http://www.lib.tpu.ru/fulltext/a/2013/90.pdf
Формат: MixedMaterials Електронний ресурс Книга
KOHA link:https://koha.lib.tpu.ru/cgi-bin/koha/opac-detail.pl?biblionumber=245872

MARC

LEADER 00000nlm0a2200000 4500
001 245872
005 20231101232148.0
035 |a (RuTPU)RU\TPU\book\267308 
090 |a 245872 
100 |a 20131119d2013 k y0rusy50 ca 
101 0 |a rus 
102 |a RU 
105 |a a dm 001zy 
135 |a drcn ---uucaa 
181 0 |a i  
182 0 |a b 
200 1 |a Разработка аппаратуры для биоимпедансной поличастотной спектрометрии в диагностике дерматологических патологий  |b Электронный ресурс  |e автореферат диссертации на соискание ученой степени кандидата технических наук  |e спец. 05.11.17  |f В. В. Кузнецов  |g Омский государственный технический университет (ОмГТУ) ; науч. рук. А. А. Новиков 
203 |a Текст  |c электронный 
210 |a Томск  |d 2013 
215 |a 1 файл (957 Kb) 
230 |a Электронные текстовые данные (1 файл : 957 Kb) 
300 |a Заглавие с титульного экрана 
300 |a Электронная версия печатной публикации 
337 |a Adobe Reader 
452 1 |0 (RuTPU)RU\TPU\book\270239  |t Разработка аппаратуры для биоимпедансной поличастотной спектрометрии в диагностике дерматологических патологий  |o автореферат диссертации на соискание ученой степени кандидата технических наук  |o спец. 05.11.17  |f В. В. Кузнецов  |g Омский государственный технический университет (ОмГТУ) ; науч. рук. А. А. Новиков  |c Томск  |d 2013  |p 23 с.  |a Кузнецов, Владимир Владимирович 
606 1 |a Диагностическая аппаратура  |2 stltpush  |3 (RuTPU)RU\TPU\subj\72931  |9 86270 
610 1 |a авторефераты диссертаций 
610 1 |a электронный ресурс 
610 1 |a медицинская диагностика 
610 1 |a приборы 
610 1 |a кожная ткань 
610 1 |a электрофизические характеристики 
610 1 |a дерматологические патологии 
610 1 |a оценка 
610 1 |a диагностические комплексы 
610 1 |a экспериментально-клинические исследования 
675 |a 616-07(04)  |v 3 
686 |a 05.11.17  |2 oksvnk 
700 1 |a Кузнецов  |b В. В.  |g Владимир Владимирович 
702 1 |a Новиков  |b А. А.  |g Алексей Алексеевич  |4 727 
712 0 2 |a Омский государственный технический университет (ОмГТУ)  |c (1993- )  |2 stltpush  |3 (RuTPU)RU\TPU\col\394 
801 2 |a RU  |b 63413507  |c 20151116  |g PSBO 
856 4 |u http://www.lib.tpu.ru/fulltext/a/2013/90.pdf 
942 |c CF